Word Ladder: Weather in June Quiz Stats

 Plays Quiz Updated Jun 27, 2019

Score 0/32 Timer 04:00
0 Plays Today
Hint Four Letter Word % Correct
Agent 007BOND
97.3%
Locate, discoverFIND
96.4%
What a dog wagsTAIL
95.4%
Tie tightlyBIND
95.3%
Rapunzel's is famously longHAIR
95.1%
Great in heightTALL
95%
• Northern Hemisphere sky colour •
Sapphire or cyan
• BLUE •
95%
• Southern Hemisphere weather •
Pellets of frozen rain
• HAIL •
94.8%
Shoot a gunFIRE
94.6%
Two of a kindPAIR
94.4%
AdhesiveGLUE
94.1%
Road chargeTOLL
93.6%
Physical discomfortPAIN
93.5%
• Northern Hemisphere weather •
Of a very high quality
• FINE •
93.3%
Daring, courageousBOLD
93.3%
Related a storyTOLD
91.8%
Hint Four Letter Word % Correct
AcquireGAIN
91.6%
Stumble over somethingTRIP
91%
Grasp tightlyGRIP
91%
• Northern Hemisphere temperature •
Showing enthusiasm or kindness
• WARM •
91%
Not softFIRM
90.9%
• Southern Hemisphere sky colour •
Colour between black and white
• GRAY •
90.8%
Cheshire Cat's best featureGRIN
90.7%
Dirt dwellerWORM
90%
Shape, mouldFORM
89.5%
Harry Potter's scarBOLT
89.5%
Catch, confineTRAP
89.2%
• Southern Hemisphere temperature •
Unemotional, lacking affection
• COLD •
87.9%
Shallow container for carryingTRAY
87.4%
Excessive supplyGLUT
83.1%
Joint inflammationGOUT
78.5%
Short period of intense activityBOUT
77%

Today's Daily Dose

Missing Word
1940s A-Z

Quick Pick
'S' Athletes

Get the Picture
Depp or Bonham Carter

You're not logged in!

Compare scores with friends on all Sporcle quizzes.
OR
Log In

Sporcle TV

Today on Sporcle TV


Watch our educational content, quiz creation guides, and fun videos on Sporcle TV.

Show Comments

Extras

Top Quizzes Today


Score Distribution

Your Account Isn't Verified!

In order to create a playlist on Sporcle, you need to verify the email address you used during registration. Go to your Sporcle Settings to finish the process.

Report this User

Report this user for behavior that violates our Community Guidelines.

Details: